000 01422cam a2200301 a 4500
999 _c22205
_d22205
001 15874775
005 20170123153402.0
008 090820s2009 nyua bc 000 0 eng
010 _a 2009034535
020 _a9781588393449
020 _a1588393445
035 _a(OCoLC)ocn432444257
040 _aDLC
_cDLC
_dTXKAM
_dCLE
_dDLC
050 0 0 _aND653.V5
_bA75 2009
100 1 _aLiedtke, Walter A.
245 1 4 _aThe Milkmaid by Johannes Vermeer /
_cWalter Liedtke.
260 _aNew York :
_bMetropolitan Museum of Art,
_cc2009.
300 _a36 p. :
_bill. (some col.) ;
_c28 cm.
500 _aIssued in conjunction with the exhibition held at The Metropolitan Museum of Art, New York, from September 9 to November 29, 2009.
504 _aIncludes bibliographical references (p. 36).
600 1 0 _aVermeer, Johannes,
_d1632-1675.
_tMilkmaid
_vExhibitions.
600 1 0 _aVermeer, Johannes,
_d1632-1675
_xCriticism and interpretation.
710 2 _aMetropolitan Museum of Art (New York, N.Y.)
906 _a7
_bcbc
_corignew
_d1
_eecip
_f20
_gy-gencatlg
942 _2lcc
_cBOOKS
_hND 653 .V5A75 2000